000 00419nam a2200181Ia 4500
005 20250423101536.0
008 250422s9999 xx 000 0 und d
020 _a0460 05003 6
050 _aPZ 7 .H87 .T66/
100 _aHughes, Thomas
245 0 _aTom Brown’s school days
260 _aLondon
260 _bJ. M. Dent & Sons
260 _c1975
300 _a340 p
650 _aLiterature
942 _cBK
999 _c36592
_d36592